[Event "CZE-ch"]
[Site "Havlickuv Brod"]
[Date "2008.02.19"]
[Round "8"]
[White "Talla, Vladimir"]
[Black "Babula, Vlastimil"]
[Result "0-1"]
[WhiteElo "2419"]
[BlackElo "2594"]
[Annotator "Babula,V"]
[PlyCount "79"]
[EventDate "2008.02.12"]
[EventType "tourn"]
[EventRounds "11"]
[EventCountry "CZE"]
[EventCategory "11"]
[SourceTitle "CBM 123"]
[Source "ChessBase"]
[SourceDate "2008.04.02"]
[SourceVersion "1"]
[SourceVersionDate "2008.04.02"]
[SourceQuality "1"]

1. e4 c5 2. Nf3 d6 3. d4 cxd4 4. Nxd4 Nf6 5. Nc3 e6 (5... a6 6. Be3 e5 7. Nb3
Be7 8. f3 Be6 9. Qd2 O-O 10. O-O-O a5) 6. Be3 Be7 7. f3 O-O 8. Qd2 e5 $5 {
An interesting possibility.} 9. Nb3 Be6 10. O-O-O a5 {[%csl Rb5,Rb6][%cal
Ya5a4] The game transposes to what is nowadays a popular line of the Najdorf
Sicilian. The usual move order is shown in the line on move 5. Black starts
the advance of his a-pawn, but weakens the b5- and b6-squares.} 11. Qe1 {
[%cal Yb3c5] With the intention to reply Nb3-c5 after ...a5-a4.} Qc8 12. Bb5 $6
{My opponent, being surprised in the opening, didn't play accurately.} ({
Better is the radical} 12. a4) 12... Na6 {[%csl Rb5,Rd5][%cal Ya6c7] A typical
development of Black's Nb8 for this line.} 13. Na4 {[%csl Ra8,Rc8][%cal Ya4b6]
With the threat to win an exchange after Na4-b6. Otherwise Black plays ...
Na6-c7.} Nb4 {[%csl Ra2,Rc2] Black ignores the threat and continues in his
play against White's king.} ({The alternative is also} 13... d5 $5 $13 14. Nb6
Qc7 15. Nxa8 (15. exd5 $6 Nb4) 15... Rxa8 {with excellent compensation for the
sacrificed exchange.}) 14. Qf2 {[%cal Gf2a7] White covers the mate with the
queen from f2 to have Be3-b6 later.} Nxa2+ 15. Kb1 Nb4 16. Nb6 Qc7 17. Nxa8
Rxa8 $15 {White has gained the exchange, but considering the absence of open
lines for his rooks Black's minor pieces are stronger at the moment. I think,
that objectively Black already has a slight edge, it is not easy for White to
neutralise his initiative.} 18. Bb6 Qc8 {[%cal Ya5a4]} 19. Ba4 {White
blockades a possible further advance of Black's a-pawn.} ({Its capture} 19.
Bxa5 {is risky as White opens the a-file against his monarch to Black. There
could then follow:} Bxb3 (19... d5 $5 $15) 20. Bxb4 Ba2+ ({but not} 20... Bxc2+
$2 21. Qxc2 Ra1+ 22. Kxa1 Qxc2 {due to} 23. Rc1 $1 Qxg2 24. Rc8+ Bf8 25. Rd1
$16) 21. Kc1 $13) 19... d5 $5 {The typical Sicilian central advance. Later I
found that only this move is new.} ({I also considered possibilities such as:} 
19... Nd7 {, what was already played} 20. c3 Nxb6 21. Qxb6 Na6 22. Nd2 Nc5 23.
Bb5 Nd7 24. Qe3 a4 25. c4 Nc5 26. Qa3 f5 27. Rhe1 f4 28. Ka2 Qc7 29. Qc3 Qb6
30. Kb1 Ra5 31. g3 Bf6 32. gxf4 exf4 33. e5 Bxe5 34. Rxe5 dxe5 35. Qxe5 Ra8 36.
Qxf4 a3 37. bxa3 Nd3 38. Qg5 Qd4 39. Kc2 Rxa3 40. Rb1 Ra2+ 41. Kd1 Nf4 {
0-1 Heim,S (2368)-Nordahl,H (2359)/Molde 2004/CBM 101 ext}) ({and} 19... Qc4
20. Nc1 Nd3 21. Rxd3 Qxa4) 20. c3 $2 {In the complicated situation White makes
a mistake.} ({After the better} 20. Bc5 {I planned} Bd8 $5) 20... Na6 $6 {
I was not accurate either.} ({In fact} 20... Nd3 $1 $19 {wins} 21. Rxd3 dxe4
22. fxe4 Qc4 {[%csl Ra4,Rd3] I saw that move but I must have overlooked
something in my calculation. But anyway the text move gives Black a big
advantage.}) 21. Nd2 dxe4 22. fxe4 (22. Nxe4 $6 Nxe4 23. fxe4 Qc4 $17 24. b3
Qxc3) 22... Bc5 $5 23. Bxc5 Nxc5 24. Bc2 a4 $17 {The better pawn structure,
the weak e4-pawn, much more active minor pieces and the unsafe position of
White's king. Those are the pluses of Black's position securing his advantage.}
25. Qe3 {White protects the c3-pawn to be able to answer b2-b3 after a4-a3.}
Ng4 {In the forthcoming time trouble I decided on a concrete line, but I
missed something in my calculations. Black wants to play ...a4-a3 and after
b2-b3 to distract White's queen by ...Ng4-f2 and then to invade with his queen
to c3.} ({The chosen idea doesn't spoil anything, but stronger is quiet} 25...
b5 $1 $17 {. Black simply improves his position, while it is not easy to
advise White of any good plan or even a move.}) 26. Qg3 a3 27. b4 {White
attacks the knight to win time for defence.} ({At home I found after} 27. b3 $6
{the unexpected and strong} f5 $1 ({the original idea} 27... Nf2 $2 28. Qxf2
Nd3 29. Bxd3 Qxc3 {leads only to a draw after} 30. Nc4 Qxb3+ 31. Ka1 (31. Nb2
$4 Rc8 $1 $19) (31. Kc1 $2 a2 32. Kd2 Bxc4 33. Bxc4 Qxc4 $17) 31... Qc3+ 32.
Ka2 Bxc4+ 33. Bxc4 Qxc4+ 34. Ka1 Qc3+ 35. Ka2 Qc4+ $10) {White now has a
choice. Either he lets Black play ...f5-f4 followed by ...Ng4-e3 or he takes
on f5 and so opens the b1-h7 diagonal against his king. In both cases he seems
to lose, for example} 28. exf5 (28. Qf3 f4 29. g3 Ne3 $19 30. gxf4 Nd3 $1 {
[%cal Yc8c3]}) 28... Bxf5 $19 29. Rhf1 (29. Rc1 Qd7) (29. Qf3 Bxc2+ 30. Kxc2
Qe6) 29... Bxc2+ 30. Kxc2 Qe6 {[%csl Rc2][%cal Ye6g6]}) ({To play} 27. h3 {
and allow Black to open the a-file} axb2 $5 {seems risky for White, especially
in his time trouble. After} 28. hxg4 Qc7 {he has an extra rook, but Black's
attack is extremely dangerous, although I couldn't find the direct win, for
example} 29. c4 (29. Kxb2 $6 Qb6+ 30. Kc1 Ra2 $19) 29... Qb6 30. Bb3 (30. Nb3
$6 Qa7 $19 31. Kxb2 Qa3+ 32. Kc3 (32. Kb1 Bxc4) 32... Nxb3 33. Bxb3 Bxc4) 30...
Bxg4 31. Rde1 (31. Qxg4 $6 Nxb3 $19) (31. Kxb2 Be2 $1 $17) 31... Qb4 32. Kc2
Qxd2+ 33. Kxd2 b1=Q 34. Rxb1 Nxe4+ 35. Ke3 Nxg3 $17) 27... Qc6 $6 {[%cal Yc5a4]
Black intends to play ...Nb6-a4 and after the exchange to take on a4 with the
queen.} ({Not good is the tactical} 27... Nf2 $2 28. bxc5 (28. Qxf2 $4 Nd3 $1
29. Bxd3 Qxc3 30. Nc4 a2+ 31. Qxa2 Rxa2 32. Kxa2 b5 $19) 28... Qxc5 {, and
White now has the satisfactory defence} 29. Nb3 Bxb3 30. Bxb3 Nxe4 31. Qf3
Nxc3+ 32. Ka1 Nxd1 33. Rxd1 Kh8 34. Ka2 $13) ({But the correct move is} 27...
Nd7 $1 $17 {with the idea to transfer the knight to c4. In comparison with the
game, where White remains with the knight, here he would have kept the bishop,
which is the worse piece for defence, for example} 28. Rc1 (28. Bb3 $6 Nf2 $1
29. Bxe6 fxe6) 28... Nb6) 28. Rc1 (28. bxc5 $4 Qb5+) 28... Na4 $2 {Black
realizes his incorrect idea and loses part of his advantage.} ({It was not too
late for} 28... Nd7 $17) 29. Bxa4 Qxa4 30. Ka1 $15 {White safeguards his
monarch and takes under control all the squares where Black could penetrate. I
would like to highlight once more the fact, that White remains with the knight
which as Capablanca said defends the king the best. Black is now only slightly
better.} Rd8 {The following phase went quickly, we both had just couple of
minutes left on the clock.} 31. Rhd1 Nf6 32. Qe1 (32. Qxe5 $2 Bg4) 32... h6 33.
Qe2 (33. Nf3 Re8 34. c4 b5 $5) 33... Rc8 34. h3 Kh7 35. Qd3 (35. g4 $5) 35...
Rc7 36. Qe2 (36. Qc2 $5) 36... Nd7 {[%cal Yd7b6] It is obvious that without
transferring the knight to the queenside Black can't make any progress.} 37.
Nf1 $2 {[%csl Rb3][%cal Yf1e3] Being short of time, White aims his knight at
e3, but allows Black's queen to penetrate into White's position.} Qb3 $1 38.
Qd2 $6 ({White could offer more resistance after} 38. Qc2 Qxc2 39. Rxc2 Bb3 40.
Rdc1 Bxc2 41. Rxc2 Nb6 $17 {, but Black should win the resulting endgame.})
38... Nb6 $19 {Now White is definitely lost, Black gains at least a pawn.} 39.
Ne3 (39. Rb1 Qc4 $5 (39... Qxc3+ $6 40. Qxc3 Rxc3 41. Rbc1)) 39... Na4 {
[%csl Ra1,Rc1][%cal Yb3b2,Ya3b2] This threatens ...Qb3-b2 winning the rook.}
40. Rc2 {Together with making his move White lost on time.} (40. Rc2 Rxc3 41.
Rxc3 Nxc3 42. Rc1 Nxe4 $19) 0-1

[Event "EU-ch 17th"]
[Site "Gjakova"]
[Date "2016.05.16"]
[Round "5"]
[White "Inarkiev, Ernesto"]
[Black "Wojtaszek, Radoslaw"]
[Result "1/2-1/2"]
[WhiteElo "2686"]
[BlackElo "2722"]
[Annotator "Baldauf,M"]
[PlyCount "82"]
[EventDate "2016.05.12"]
[EventType "swiss"]
[EventRounds "11"]
[EventCountry "KOS"]
[SourceTitle "CBM 173"]
[Source "ChessBase"]
[SourceDate "2016.07.12"]
[SourceVersion "1"]
[SourceVersionDate "2016.07.12"]
[SourceQuality "1"]

1. e4 c5 2. Nf3 d6 3. d4 cxd4 4. Nxd4 Nf6 5. Nc3 a6 6. Be3 e5 7. Nb3 Be6 8. Qd2
Be7 9. f3 O-O 10. O-O-O Nbd7 (10... a5 11. a4 {hatte Inarkiev eine Runde zuvor
gegen Andriasian auf dem Brett - eine ausführliche Analyse dieser Partie
finden sie im Rundenbericht zur vierten Runde.} Nc6 12. g4 Nb4 13. Kb1 Rc8 14.
g5 Nh5 15. Rg1 f5 16. gxf6 Rxf6 17. Bg5 Rxf3 18. Bxe7 Qxe7 19. Qxd6 Qxd6 20.
Rxd6 Nf4 21. Nxa5 Rf2 22. Nxb7 Rxc2 23. a5 $16 {1-0 (48) Inarkiev,E (2686)
-Andriasian,Z (2602) Gjakova KOS 2016}) 11. g4 b5 12. g5 b4 13. Na4 (13. Ne2 {
wird mit Abstand am häufigsten gezogen} Ne8 14. f4 a5 15. f5 a4 $13) 13... Nh5
14. Qxb4 d5 15. Qa5 Qxa5 $146 (15... Bxg5 {wurde bisher ausschließlich gezogen}
16. Bxg5 Qxg5+ 17. Kb1 dxe4 18. Nd4 $1 Qf6 19. Nxe6 Qxe6 20. fxe4 Ndf6 $13 {
1/2-1/2 (28) Dominguez Perez,L (2734)-Vachier Lagrave,M (2754) Khanty-Mansiysk
2015 CBM 167 [Ftacnik,L]}) 16. Nxa5 d4 17. Bd2 Bxa2 18. Nc6 Bd6 19. Nc3 Be6 20.
Nd5 Bxd5 21. exd5 Nb6 22. f4 e4 {eine sehr komplexe und zweischneidige
Stellung ist entstanden. Entscheidend wird sein, ob die weißen Bauern auf d5
und f4 oder die schwarzen auf d4 und e4 fallen.} 23. Ba5 (23. Nxd4 Nxd5 24. Bc4
Nhxf4 25. Nf5 Bc5 $1 {[%cal Gc5e3]} (25... Be5 26. Ba5 $1 {[%csl Gd5]} (26.
Rhe1 $44) 26... Nc7 27. Ne7+ Kh8 28. Rhe1 {[%cal Ge7c6] und die schwarze
Koordination stimmt nicht}) 26. Ba5 $140 Ne3) 23... Nxd5 24. Rxd4 Rfc8 (24...
Bxf4+ 25. Kb1 Rac8 26. Bc4 Rxc6 27. Bxd5 Rg6 28. Bb4 $44 {[%csl Gd5]}) 25. Ne5
Nhxf4 26. Nc4 Be7 27. Bd2 Re8 (27... Bxg5 28. Rxd5 Nxd5 29. Bxg5 Rc6 $13) 28.
Rxe4 Bxg5 29. Nd6 Red8 (29... Rxe4 30. Nxe4 Bh6 31. Kb1 {und Weiß hat aufgrund
des Läuferpaars Kompensation, doch Schwarz genießt erst einmal den Mehrbauern})
30. h4 Bf6 {nun kann Inarkiev ins Remis abwickeln} (30... Nd3+ $5 31. Bxd3
Bxd2+ 32. Kxd2 Rxd6 33. Rd4 Rad8 34. Ra1 Nc7 35. Rxd6 Rxd6 36. c4 $44) 31. Bxf4
Nxf4 32. Nxf7 Kxf7 33. Rxf4 a5 34. Bc4+ Kf8 35. c3 {mit den ungleichfarbigen
Läufern passiert nicht mehr viel - die Stellung ist remis} Rac8 36. Kc2 Rc5 37.
h5 Rd6 38. Bd3 Rdd5 39. h6 Rh5 40. hxg7+ Kxg7 41. Rg4+ Kf7 1/2-1/2

[Event "Mitropa Cup 35th"]
[Site "Prague"]
[Date "2016.06.25"]
[Round "7.1"]
[White "Hracek, Zbynek"]
[Black "Donchenko, Alexander"]
[Result "1/2-1/2"]
[WhiteElo "2605"]
[BlackElo "2573"]
[Annotator "Baldauf,M"]
[PlyCount "92"]
[EventDate "2016.06.19"]
[EventType "team-tourn"]
[EventRounds "9"]
[EventCountry "CZE"]
[SourceTitle "CBM 173 Extra"]
[Source "ChessBase"]
[SourceDate "2016.08.29"]
[SourceVersion "1"]
[SourceVersionDate "2016.08.29"]
[SourceQuality "1"]
[WhiteTeam "Czech Republic"]
[BlackTeam "Germany"]
[WhiteTeamCountry "CZE"]
[BlackTeamCountry "GER"]

1. e4 c5 2. Nf3 d6 3. d4 cxd4 4. Nxd4 Nf6 5. Nc3 a6 6. Be3 e5 7. Nb3 Be6 8. f3
h5 9. Nd5 Bxd5 10. exd5 Nbd7 11. Qd2 Qc7 12. Be2 Nb6 13. Bxb6 Qxb6 14. O-O-O g6
15. Kb1 Bh6 16. Qa5 Qf2 17. Bd3 O-O 18. Qc7 Nxd5 19. Qxd6 Rad8 20. Qxe5 Nf4 21.
Be4 Qxg2 22. Bxb7 Qxh2 23. a4 Bg7 24. Qe1 Qg2 25. Bxa6 Qxf3 26. Rxd8 Rxd8 27.
Rf1 Qc6 28. Bb5 Qf6 29. c3 Qf5+ 30. Ka2 g5 31. Qe7 Bf6 32. Qb7 Qe6 33. Qc6 Rd6
34. Qc4 Qxc4 35. Bxc4 h4 36. a5 Bd8 37. a6 Bb6 38. Nd4 h3 39. Nf3 g4 40. Ne5 g3
41. Rxf4 g2 42. Nxf7 g1=Q 43. Nxd6+ Kg7 44. Rf7+ Kh8 {Diagramm [#]} 45. Rf8+ (
45. Rf6 $3 Qg4 $1 {[%cal Gg4f5]} (45... h2 46. Rh6+ Kg7 47. Nf5+ Kf8 48. Rh8+)
46. Rf8+ Kh7 47. Rf7+ Kh8 48. Rb7 $3 {[%cal Gd6f7,Gf7e5]} Qg1 (48... Bf2 49.
Nf7+ Kh7 50. Ne5+ Qg7 51. Rxg7+ Kxg7 52. Nf3 $18) 49. Nf7+ Kg7 50. Ng5+ Kf6 51.
Nxh3 $18) 45... Kh7 46. Rf7+ Kh8 1/2-1/2

[Event "AUT-ch"]
[Site "Moesern"]
[Date "1997.08.05"]
[Round "5"]
[White "Wittmann, Walter"]
[Black "Lendwai, Reinhard"]
[Result "0-1"]
[WhiteElo "2405"]
[BlackElo "2375"]
[Annotator "Balinov,I"]
[PlyCount "94"]
[EventDate "1997.08.??"]
[EventType "tourn"]
[EventRounds "15"]
[EventCountry "AUT"]
[EventCategory "6"]
[SourceTitle "CBM 059 Extra"]
[Source "ChessBase"]
[SourceDate "1997.09.26"]
[SourceVersion "1"]
[SourceVersionDate "1997.09.26"]
[SourceQuality "1"]

1. e4 c5 2. Nf3 d6 3. d4 cxd4 4. Nxd4 Nf6 5. Nc3 a6 6. Be3 Ng4 7. Bg5 h6 8. Bh4
g5 9. Bg3 Bg7 10. Be2 (10. Qd2 Nc6 11. Nb3 Be6 12. f3 Nge5 13. Nd5 b5 14. Bf2
Rb8 15. Nd4 Qd7 16. Rd1 Nxd4 17. Bxd4 Bxd5 18. exd5 Qb7 19. Be3 Nc4 $13 {
Brunner-Gavrikov 1993}) 10... h5 11. h4 (11. Bxg4 Bxg4 12. f3 Bd7 13. Qd2 Nc6
14. Bf2) (11. h3 $2 h4 12. hxg4 hxg3 13. Rxh8+ Bxh8 14. fxg3 Nc6) 11... gxh4 (
11... Nc6 12. Nb3 gxh4 13. Bxh4 Be6 14. Qd2 Qb6 15. Nd5 Bxd5 16. exd5 Nd4 (
16... Nce5 17. Qa5 $1 Qxa5+ 18. Nxa5 Ng6 19. c3 Nf4 20. Bg3 Nxe2 21. Kxe2 Rc8
$13 {J.Polgar-Polugaevsky 93}) 17. Bxg4 hxg4 18. O-O-O Nf5 19. Bg5 Rxh1 20.
Rxh1 Qb5 21. Kb1 (21. Rd1 $6 Qc4 22. Qd3 Qxd3 23. Rxd3 Kd7 $1 $17 {
Henningan-Galagher 92}) 21... a5 22. c3 $15) 12. Rxh4 Nc6 13. Nb3 Be6 14. Qd2
Qb6 15. Nd5 Bxd5 16. exd5 Nce5 17. O-O-O Bf6 (17... Bh6 18. f4 Qe3 19. Qxe3
Nxe3 20. fxe5 Nf5+ 21. Kb1 Nxg3 22. exd6 Bg5 23. Rb4 Nxe2 24. dxe7 Bxe7 25.
Rxb7 $16 {De la Villa-Hodgson 93}) 18. Rh3 h4 19. Bf4 Qxf2 (19... a5 20. f3 a4
21. Nd4 a3 22. b3 $16 {De la Villa-Becerra 94}) 20. Nd4 (20. Bxe5 $1 Bxe5 $8 (
20... Nxe5 21. Bb5+) 21. Rf1 Bf4 22. Qxf4 Qxe2 23. Qxf7+ (23. Nd4 Qxg2 24.
Qxf7+ Kd7 25. Qe6+ Kd8 26. Rhh1 Nf6 $13) 23... Kd8 24. Qf3 Qxf3 25. Rhxf3 Kd7
$14) 20... Rg8 {[#] [#]} (20... Ng6 $5 21. Be3 Nxe3 22. Bb5+ axb5 23. Qxf2 Nxd1
24. Kxd1 Rxa2 25. Nxb5 Bxb2 26. Nc7+ (26. Rb3 $5) 26... Kd7 27. Qxf7 Ne5 28.
Qe6+ Kxc7 29. Qxe7+ Nd7 30. Rxh4 Rxh4 31. Qxh4 $17) 21. Be3 (21. Rf1 Nc4 (21...
Nd3+ 22. Rxd3) 22. Bxc4 Qxd4 23. Qxd4 Bxd4 24. Rxh4 Be3+ 25. Bxe3 Nxe3 26. Rf3
Nxg2 27. Rh7 Rc8 28. Be2 f6 29. Kd2 Rg5 30. c4 $11) 21... Nxe3 22. Bb5+ axb5
23. Qxf2 Rxg2 (23... N5c4 $1 24. Rxe3 Nxe3 25. Rd3 Rxg2 $19) (23... Nxd1 24.
Kxd1 b4 25. Nf5 Rxa2 $15) 24. Qe1 (24. Qxe3 Bg5 $17) 24... Nxd1 25. Qxd1 Nc4
26. a3 b4 27. Qf1 (27. Qh1 Rg4 28. Nb5 Ra5) 27... Bg5+ 28. Kd1 Rd2+ (28...
Nxb2+ 29. Ke1 Bd2#) 29. Ke1 Rxd4 30. Qf5 f6 (30... Bf6 $1) 31. Rb3 Ne3 32. Qg6+
Kd7 33. c3 Rxd5 34. Rxb4 b5 35. Re4 Ra4 36. Rxa4 bxa4 37. Qe4 h3 38. Qxa4+ Ke6
39. Qe4+ Re5 40. Qh7 Nf5+ 41. Kf1 Nh4 42. Qg8+ Kf5 43. Qc8+ e6 44. Qb7 Rd5 45.
Kg1 Kg4 46. Qa6 Rd1+ 47. Kf2 Rd2+ 0-1

[Event "USA-CHN Summit"]
[Site "Seattle"]
[Date "2001.03.14"]
[Round "1.4"]
[White "Shabalov, Alexander"]
[Black "Zhang, Zhong"]
[Result "0-1"]
[WhiteElo "2609"]
[BlackElo "2607"]
[Annotator "Bangiev,A"]
[PlyCount "90"]
[EventDate "2001.03.14"]
[EventType "team"]
[EventRounds "4"]
[EventCountry "USA"]
[SourceTitle "CBM 082"]
[Source "ChessBase"]
[SourceDate "2001.05.17"]
[SourceVersion "1"]
[SourceVersionDate "2001.05.17"]
[SourceQuality "1"]
[WhiteTeam "US of America"]
[BlackTeam "China"]
[WhiteTeamCountry "USA"]
[BlackTeamCountry "CHN"]

1. e4 c5 2. Nf3 d6 3. d4 cxd4 4. Nxd4 Nf6 5. Nc3 a6 6. f3 e5 7. Nb3 Be6 8. Be3
Be7 9. Qd2 h5 {Ein aktiver, allerdings typischer für derartige Positionen Zug,
damit wird aus Schwarzer Sicht beabsichtigt den gefährlichen Vorstoß g4-g5 zu
verhindern. Dadurch kann der Nachziehende den Druck auf den wichtigen Feldern
e4 bzw. d5 aufrecht halten.} 10. O-O-O Nbd7 11. Kb1 Rc8 12. Bd3 {/\f4-f5} Nc5 (
12... Qc7 13. f4 $5 (13. h3 $5 h4 14. f4) 13... Ng4 14. f5 Bxb3 (14... Nxe3 $2
15. fxe6 $16) 15. cxb3 Nxe3 16. Qxe3 Nf6 17. Rc1) 13. Nxc5 dxc5 14. Qe2 $1 {
/\ 15.Bb5+ sowie 15.Bc4} Qa5 (14... b5 15. Bxb5+) 15. Nd5 {Weiß sucht die Wege
zun schwarzen König in der Mitte, opfert einen Mauern mit dem Ziel auf der
offenen e-Linie den Pe5 angreifen zu können.} (15. Bc4 $5 Bxc4 16. Qxc4 b5 17.
Qe2 c4 18. Qf2 $36) 15... Nxd5 16. exd5 Bxd5 17. c4 Be6 18. Bd2 Qc7 19. Bc3 Bf6
(19... f6 20. Bg6+) 20. Bc2 Ke7 (20... O-O 21. Qe4 g6 22. g4 $40) 21. g4 {/\g5}
(21. Rhe1 Rcd8 $1) (21. Rd5 Bxd5 22. cxd5 Rhd8 23. Rd1 Kf8) 21... g6 (21... b5
22. g5) 22. Rd5 {[%mdl 512]} (22. g5 Bg7) 22... hxg4 (22... Bxd5 23. cxd5 Rcd8
(23... Rhe8 24. gxh5) 24. g5 Bg7 25. Rd1 Kf8 (25... Rhe8 26. f4 Kf8 27. f5) 26.
f4 exf4 27. d6 Qd7 28. Bxg7+ Kxg7 29. Qe5+ Kh7 30. Qxf4 b5 (30... Rhe8 31. Bb3)
31. Qf3 Qe6 $17) 23. Rxe5 (23. Bxe5 Bxe5 24. Rxe5 gxf3) 23... g3 (23... gxf3
24. Rxe6+ fxe6 25. Bxf6+ Kxf6 26. Qxf3+ Ke7 (26... Kg7 27. Bxg6) 27. Bxg6 Rcf8
$16) 24. Re1 Bxe5 25. Bxe5 gxh2 (25... Rxh2 26. Qe4) 26. Bxc7 h1=Q 27. Be5 (27.
Bd6+ Kd7 28. Be5) 27... Qh4 $6 (27... Qh5 28. Bxh8 Rxh8 29. Qe4 Kf8 30. Qxb7
Bxc4 $17) 28. Bxg6 (28. Bxh8 Rxh8 29. Bxg6 $1 Rg8 30. Be4 $14 (30. Bxf7 Qh7+))
28... Rhg8 $17 29. Bc2 Qxc4 30. Qh2 Rcd8 (30... Qxa2+ 31. Kc1 Rcd8 32. Bf6+ $1
Kxf6 33. Qh4+ Rg5 34. Qf4+ Ke7 35. Qxg5+ Ke8 36. Qg8+ Kd7 37. Rd1+ Bd5 38.
Qxf7+ Kc6 39. Qf6+ Rd6 40. Qf8 Qa1+ 41. Bb1 $13) 31. b3 Qb4 32. Re2 c4 33. Kb2
cxb3 34. Bc3 Qb5 35. axb3 Rc8 $19 36. Qh4+ Ke8 37. Rd2 Qg5 38. Qa4+ Qb5 39. Qf4
Qg5 40. Qe4 Rxc3 41. Kxc3 Qa5+ 42. Qb4 Qa1+ 43. Kd3 Qf1+ 44. Kc3 Qxf3+ 45. Kb2
Rg2 0-1

[Event "Bundesliga 9293"]
[Site "Germany"]
[Date "1993.??.??"]
[Round "?.3"]
[White "Brunner, Lucas"]
[Black "Bangiev, Alexander J"]
[Result "1-0"]
[WhiteElo "2490"]
[BlackElo "2400"]
[Annotator "Bangiev,A"]
[PlyCount "53"]
[EventDate "1992.10.24"]
[EventType "team-tourn"]
[EventRounds "15"]
[EventCountry "GER"]
[SourceTitle "CBM 038"]
[Source "ChessBase"]
[SourceDate "1994.02.01"]
[SourceVersion "1"]
[SourceVersionDate "1994.02.01"]
[SourceQuality "1"]
[WhiteTeam "Hamburger SK"]
[BlackTeam "Bielefeld"]
[WhiteTeamCountry "GER"]
[BlackTeamCountry "GER"]

1. e4 c5 2. Nf3 d6 3. d4 cxd4 4. Nxd4 Nf6 5. Nc3 a6 6. Be3 e5 7. Nb3 Be7 8. f4
Qc7 9. Qd2 b5 10. O-O-O Bb7 11. Nd5 (11. fxe5 dxe5 12. Nd5 Nxd5 (12... Bxd5 13.
exd5 Bd6 (13... Ne4 14. Qa5 $5 Qxa5 15. Nxa5 $14) 14. Qe2 $1 O-O 15. g4 Nbd7
16. Bg2 Rfb8 17. g5 Ne8 18. Be4 $36) 13. exd5 Bd6 14. Qa5 $5 Nd7 15. Qxc7 Bxc7
16. Nc5 Nxc5 17. Bxc5 Rd8 18. d6 Bb8 $14) 11... Nxd5 12. exd5 Nd7 13. Na5 O-O
14. Nxb7 Qxb7 15. f5 (15. Kb1 Bf6 $5 16. f5 (16. fxe5 Bxe5) (16. Bd3 exf4 17.
Bxf4 Be5 $5) 16... e4 $5) 15... Rfc8 (15... e4 $5 16. g4 Ne5 (16... Bf6 $5 17.
g5 Be5 18. Bg2 Rfe8 $132) 17. g5 Rfe8 18. h4 Rac8 $13) 16. g4 b4 17. Kb1 (17.
h4 b3 18. axb3 Qxb3 $36) 17... Nc5 18. g5 (18. Bxc5 Rxc5 19. Bd3 Bd8 $5 20. Be4
Rc4 $132) 18... Na4 (18... Ne4 $5 19. Qc1 $8 Rab8 $5 20. Ka1 (20. Bd3 $2 Nc3+
21. bxc3 bxc3+ 22. Ka1 Qb4 $1 {/\ 23...Qa4, 24...Rb2-+}) 20... b3 21. axb3 Qb4
22. Bg2 a5 23. Rhe1 a4 $36) 19. Ka1 Qc7 (19... Rab8 $5 20. f6 (20. Bd3 Nc3 $1
21. bxc3 $2 bxc3 22. Qc1 Qb4 $1 $19) 20... Bf8 21. Bh3 Rc3 $5 $36) (19... Nc3
$6 20. bxc3 bxc3 21. Qc1 Rab8 22. Qa3 $1 $18) 20. f6 (20. Qxb4 Qd7 (20... Qxc2
$2 21. Bd3 $18) 21. Qd2 Rab8 $44) 20... Bd8 (20... Bf8 $5 21. Bd3 Qa5 22. h4
Rab8 23. h5 $132) 21. Bd3 Qa5 22. fxg7 $1 Rab8 $8 (22... Kxg7 $2 23. Qg2) (
22... Nc3 23. bxc3 bxc3 24. Qg2 $18) 23. Qg2 Kxg7 $2 (23... Nc3 $1 24. bxc3 b3
$1 25. cxb3 Rxb3 26. Rc1 (26. Bd2 Rcxc3 $1 27. Qe4 Qxa2+ 28. Kxa2 Ra3+ 29. Kb2
Rab3+ $10) 26... Rcxc3 $1 $13) 24. Qh3 $1 (24. Qe4 $2 Nc3 $1 25. Qxh7+ Kf8 26.
bxc3 b3 $3 $17 27. Qh8+ (27. cxb3 Qxc3+ 28. Kb1 Rxb3+ 29. axb3 Qxb3+ 30. Ka1
Qa3+ 31. Kb1 Rb8+ $19) 27... Ke7 28. Qf6+ Ke8 29. Qh8+ Kd7 30. Bf5+ Kc7 31.
cxb3 Qxc3+ 32. Kb1 Rxb3+ 33. axb3 Qxb3+ $40) 24... Kf8 (24... Nc3 25. Qh6+ $18)
25. Rhf1 $1 $18 f6 (25... Nc3 26. Rxf7+ $1) 26. gxf6 Nc3 27. Bh6+ 1-0